000
00283nam a22001097a 4500
008
230627b xxu||||| |||| 00| 0 eng d
082
_a
338.09
_b
LEO 1977
245
_a
The Future of the World Economy
260
_a
New York
_b
United Nations
_c
1977
300
_a
VII,110p
942
_2
ddc
_c
BK
999
_c
2790
_d
2790